| 000 | 01215nam a2200205 a 4500 | ||
|---|---|---|---|
| 008 | 150220s2008 ||||||||||||||||| || u | ||
| 020 | _a9780443071973 | ||
| 050 | _aRB 40 Hug | ||
| 100 | _aHughes, Jeremy | ||
| 245 | 1 | 0 |
_aClinical chemistry made easy _cBy Jeremy Hughes [and] Ashley Jefferson |
| 260 |
_aEdinburgh: _bChurchill Livingstone/Elsevier _c2008 |
||
| 300 | _ax, 204p.: ill. | ||
| 350 | _a34.95 | ||
| 650 | 0 | _aCLINICAL CHEMISTRY | |
| 650 | _aCLINICAL CHEMISTRY TESTS | ||
| 995 |
_aMEDICAL LIBRARY OPEN ACCESS _e902703 _FCBU-SCHOOL OF MEDICINE LIBRARY (Ndola) _I34.95 _jRB 40 Hug _M2 _UAVAILABLE _WMar 4, 2015 _y902703 _ZMedical Library Open Access Collection |
||
| 995 |
_aMEDICAL LIBRARY OPEN ACCESS _e902702 _FCBU-SCHOOL OF MEDICINE LIBRARY (Ndola) _I34.95 _jRB 40 Hug _M1 _UAVAILABLE _WMar 4, 2015 _y902702 _ZMedical Library Open Access Collection |
||
| 995 |
_aMEDICAL LIBRARY OPEN ACCESS _e902705 _FCBU-SCHOOL OF MEDICINE LIBRARY (Ndola) _I34.95 _jRB 40 Hug _M4 _UAVAILABLE _WMar 4, 2015 _y902705 _ZMedical Library Open Access Collection |
||
| 995 |
_aMEDICAL LIBRARY OPEN ACCESS _e902704 _FCBU-SCHOOL OF MEDICINE LIBRARY (Ndola) _I34.95 _jRB 40 Hug _M3 _UAVAILABLE _WMar 4, 2015 _y902704 _ZMedical Library Open Access Collection |
||
| 999 |
_c63992 _d63992 |
||